آلاف السنين من الطاقة / (Record no. 6344)

MARC details
000 -الفاتح
حقل البيانات ثابتة الطول 01388nac a22003131i 4500
003 - محدد رقم الضبط
رقم الضبط EG-ScBUE
005 - وقت وتاريخ اخر تعامل مع التسجيلة
رقم الضبط 20260512094804.0
008 - عناصر البيانات ثابتة الطول - معلومات عامة
حقل البيانات ثابتة الطول 101201s1994 ku frb 000 0 ara d
040 ## - مصدر الفهرسة
وكالة الفهرسة الأصلية EG-ScBUE
لغة الفهرسة ara
قواعد الوصف rda
وكالة النسخ EG-ScBUE
وكالة التعديل EG-ScBUE
041 1# - رمز اللغة
رمز لغة النص/ المسارات الصوتية أو العنوان الانفرادي ara
رمز لغة الترجمات و/او الاصلية المتوسطة للنص rus
082 04 - رقم تصنيف ديوى العشرى
رقم التصنيف 531.6
رقم المادة ك ا ر
رقم الطبعة 22
100 1# - المدخل الرئيسى - إسم شخصى
الإسم الشخصى كارتسيف، فلاديمير،
9 (RLIN) 21373
الدور مؤلف.
240 1# - العنوان الموحد
عنوان موحد Tysi︠a︡cheletii︠a︡ ėnergetiki.
لغة العمل Arabic
245 10 - بيان العنوان
العنوان آلاف السنين من الطاقة /
بيان المسئوليه,etc تأليف فلاديمير كارتسيف، بيوتر خازانوفسيكي ؛ ترجمة محمد غياث الزيات.
264 #1 - النشر، التوزيع
مكان الناشر او الموزع الكويت :
اسم الناشر او الموزع المجلس الوطني للثقافة والفنون والآداب،
تاريخ النشر أو التوزيع 1994.
300 ## - الوصف المادى
التعداد 288 صفحة ؛
أبعاد الوعاء 18 سم.
336 ## - نوع المحتوى
source rdacontent
Carrier Type Term نص
Content Type Code txt
337 ## - نوع الوسيط
Media Type Term بدون وسيط
source rdamedia
Media Type Code n
338 ## - نوع الحامل أو الناقل
Carrier Type Term مجلد
Carrier Type Code nc
source rdacarrier
490 0# - بيان السلسلة
عنوان السلسلة عالم المعرفة ؛
رقم المجلد/ التعيين التسلسلي 187
500 ## - تبصرة عامة
تبصرة عامة يشتمل على هوامش.
504 ## - تبصرة ببليوجرافية
تبصرة ببليوجرافية,الخ يشتمل على إرجاعات ببليوجرافية.
546 ## - تبصرة اللغة
تبصرة اللغة النص باللغة الروسية ؛ وقد تم ترجمته إلى العربية.
650 #7 - المدخل الاضافى بالموضوع-مصطلح موضوعى
مصطلح موضوعي أو اسم جغرافي كعنصر مدخل الطاقة.
9 (RLIN) 17536
مصدر الرأس أو المصطلح BUEsh
655 ## - مصطلح تكشيفى-نوع/شكل
التقسيم الفرعي الشكلي Reading book
700 1# - المدخل الاضافى - اسم شخصى
الإسم الشخصى خازانوفسكي، بيوتر،
الدور مؤلف.
700 1# - المدخل الاضافى - اسم شخصى
الإسم الشخصى الزيات، محمد غياث،
9 (RLIN) 21375
الدور مترجم.
942 ## - عناصر المدخل الإضافي( كوها)
Koha [default] item type Book - Borrowing
سابقة رقم الطلب 531.6 ك ا ر
مصدر التصنيف او مخطط الترفيف Dewey Decimal Classification
Holdings
حالة التراجع حالة الفقد مصدر التصنيف او خطة الترفيف حالة تلف ليس للاعارة مجموعات كوها المكان الدائم المكان الحالي موقع الترفيف تاريخ الاكتساب Source of acquisition رقم الاستدعاء الباركود Date last seen نوع الوعاء
    Dewey Decimal Classification     Alef-Baa Central Library Central Library First floor 02/01/2011   531.6 ك ا ر 000007906 15/07/2025 Book - Borrowing